[Event "Aleksandria Cup"]
[Site "?"]
[Date "2015.07.19"]
[Round "8.20"]
[White "Gevorgyan, Maria"]
[Black "Matevosyan, Sedrak"]
[Result "1-0"]
[LiveChessVersion "1.3.1"]
[BlackElo "2145"]
[WhiteElo "2236"]

1. e4 {[%clk 1:30:50]} c5 {[%clk 1:30:52]} 2. Nc3 {[%clk 1:31:15]} d6
{[%clk 1:31:15]} 3. g3 {[%clk 1:31:37]} Nc6 {[%clk 1:31:31]} 4. Bg2
{[%clk 1:31:46]} g6 {[%clk 1:31:50]} 5. d3 {[%clk 1:32:09]} Bg7 {[%clk 1:32:11]}
6. Nge2 {[%clk 1:32:35]} e6 {[%clk 1:32:09]} 7. O-O {[%clk 1:32:56]} Nge7
{[%clk 1:32:30]} 8. Bg5 {[%clk 1:32:59]} O-O {[%clk 1:25:23]} 9. Qd2
{[%clk 1:32:06]} Rb8 {[%clk 1:20:55]} 10. Bh6 {[%clk 1:28:25]} b5
{[%clk 1:20:49]} 11. Nd1 {[%clk 1:28:28]} e5 {[%clk 1:09:23]} 12. h4
{[%clk 1:18:12]} f5 {[%clk 0:49:22]} 13. h5 {[%clk 0:58:10]} f4 {[%clk 0:45:50]}
14. Bxg7 {[%clk 0:55:28]} Kxg7 {[%clk 0:46:10]} 15. gxf4 {[%clk 0:55:44]} exf4
{[%clk 0:45:27]} 16. Nxf4 {[%clk 0:54:52]} Ne5 {[%clk 0:44:56]} 17. Qe3
{[%clk 0:50:58]} N7c6 {[%clk 0:30:26]} 18. Ne2 {[%clk 0:30:25]} Bg4
{[%clk 0:22:20]} 19. h6+ {[%clk 0:24:58]} Kg8 {[%clk 0:22:34]} 20. f4
{[%clk 0:25:02]} Bxe2 {[%clk 0:22:09]} 21. Qxe2 {[%clk 0:25:31]} Nd4
{[%clk 0:22:02]} 22. Qd2 {[%clk 0:24:32]} Ng4 {[%clk 0:13:57]} 23. Nf2
{[%clk 0:21:11]} Rxf4 {[%clk 0:07:35]} 24. Nxg4 {[%clk 0:20:16]} Rxg4
{[%clk 0:08:04]} 25. Rf2 {[%clk 0:17:16]} Ne6 {[%clk 0:02:31]} 26. Raf1
{[%clk 0:17:35]} g5 {[%clk 0:02:50]} 27. Qc3 {[%clk 0:14:41]} Rb7
{[%clk 0:02:46]} 28. Qb3 {[%clk 0:13:14]} c4 {[%clk 0:02:49]} 29. dxc4
{[%clk 0:13:33]} Nf4 {[%clk 0:02:30]} 30. c5+ {[%clk 0:11:18]} Rf7
{[%clk 0:02:34]} 31. Qf3 {[%clk 0:09:02]} Rh4 {[%clk 0:02:31]} 32. Qg3
{[%clk 0:08:53]} dxc5 {[%clk 0:02:21]} 33. e5 {[%clk 0:09:01]} Kh8
{[%clk 0:02:14]} 34. e6 {[%clk 0:07:30]} Rf6 {[%clk 0:02:15]} 35. Re1
{[%clk 0:07:10]} Qe7 {[%clk 0:02:02]} 36. Rd2 {[%clk 0:05:07]} Rhxh6
{[%clk 0:01:27]} 37. Rd7 {[%clk 0:04:40]} Qe8 {[%clk 0:01:11]} 38. e7
{[%clk 0:03:42]} Ne6 {[%clk 0:00:35]} 39. Rxe6 {[%clk 0:03:01]} Rxe6
{[%clk 0:01:01]} 40. Rd8 {[%clk 0:33:28]} Rxe7 {[%clk 0:31:14]} 41. Rxe8+
{[%clk 0:33:36]} Rxe8 {[%clk 0:29:47]} 42. Qc3+ {[%clk 0:32:14]} Kg8
{[%clk 0:29:06]} 43. Bd5+ {[%clk 0:32:37]} Rhe6 {[%clk 0:29:05]} 44. Qf6
{[%clk 0:32:59]} 1-0

[Event "Aleksandria Cup"]
[Site "?"]
[Date "2015.07.20"]
[Round "9.1"]
[White "Zubov, Alexander"]
[Black "Harutjunyan, Gevorg"]
[Result "1-0"]
[LiveChessVersion "1.3.1"]
[BlackElo "2449"]
[WhiteElo "2615"]

1. d4 {[%clk 1:30:57]} Nf6 {[%clk 1:30:53]} 2. c4 {[%clk 1:31:23]} e6
{[%clk 1:31:15]} 3. Nf3 {[%clk 1:31:22]} Bb4+ {[%clk 1:31:39]} 4. Bd2
{[%clk 1:29:53]} a5 {[%clk 1:31:53]} 5. Nc3 {[%clk 1:20:51]} O-O {[%clk 1:25:57]}
6. Bg5 {[%clk 1:14:35]} h6 {[%clk 1:17:36]} 7. Bh4 {[%clk 1:15:00]} d5
{[%clk 1:16:26]} 8. e3 {[%clk 1:12:10]} Nbd7 {[%clk 1:12:54]} 9. a3
{[%clk 1:01:08]} Be7 {[%clk 1:12:46]} 10. Qc2 {[%clk 1:00:48]} c6
{[%clk 1:05:33]} 11. Rc1 {[%clk 0:56:46]} b6 {[%clk 1:00:57]} 12. cxd5
{[%clk 0:52:44]} exd5 {[%clk 1:01:03]} 13. Be2 {[%clk 0:44:05]} Re8
{[%clk 0:57:22]} 14. O-O {[%clk 0:44:13]} Bb7 {[%clk 0:54:38]} 15. Rfd1
{[%clk 0:43:15]} Nh5 {[%clk 0:37:02]} 16. Bxe7 {[%clk 0:40:19]} Qxe7
{[%clk 0:37:26]} 17. Bd3 {[%clk 0:21:49]} Nhf6 {[%clk 0:34:47]} 18. Bf5
{[%clk 0:21:42]} Qd6 {[%clk 0:21:10]} 19. Na4 {[%clk 0:16:34]} Rab8
{[%clk 0:16:13]} 20. Nc3 {[%clk 0:12:33]} Re7 {[%clk 0:11:53]} 21. Qb1
{[%clk 0:10:59]} Ba6 {[%clk 0:07:18]} 22. Bd3 {[%clk 0:06:56]} Bxd3
{[%clk 0:03:21]} 23. Qxd3 {[%clk 0:07:24]} Ne4 {[%clk 0:03:38]} 24. Qc2
{[%clk 0:06:58]} Nxc3 {[%clk 0:02:27]} 25. Qxc3 {[%clk 0:07:24]} Re6
{[%clk 0:02:43]} 26. Rc2 {[%clk 0:05:02]} Rc8 {[%clk 0:02:11]} 27. Qd3
{[%clk 0:05:13]} b5 {[%clk 0:01:00]} 28. a4 {[%clk 0:04:41]} Rb8 {[%clk 0:01:08]}
29. axb5 {[%clk 0:04:12]} cxb5 {[%clk 0:01:32]} 30. Rdc1 {[%clk 0:04:30]} Ree8
{[%clk 0:01:33]} 31. Rc7 {[%clk 0:02:26]} Nb6 {[%clk 0:00:44]} 32. R1c6
{[%clk 0:01:53]} Qb4 {[%clk 0:00:44]} 33. Qf5 {[%clk 0:02:06]} Rf8
{[%clk 0:00:35]} 34. g4 {[%clk 0:02:16]} Qxb2 {[%clk 0:00:33]} 35. Ne5
{[%clk 0:01:47]} Nc4 {[%clk 0:00:35]} 36. Nxf7 {[%clk 0:01:43]} Qc1+
{[%clk 0:00:37]} 37. Kg2 {[%clk 0:02:08]} Qxe3 {[%clk 0:00:35]} 38. Qxd5
{[%clk 0:01:43]} Qd2 {[%clk 0:00:32]} 39. Nxh6+ {[%clk 0:00:52]} Kh7
{[%clk 0:00:42]} 40. Rxg7+ {[%clk 0:30:38]} Kxg7 {[%clk 0:30:52]} 41. Rc7+
{[%clk 0:29:13]} Kh8 {[%clk 0:30:41]} 42. Nf7+ {[%clk 0:29:18]} Kg7
{[%clk 0:28:36]} 43. Nd6+ {[%clk 0:28:05]} 1-0

[Event "Aleksandria Cup"]
[Site "?"]
[Date "2015.07.20"]
[Round "9.2"]
[White "Paichadze, Luka"]
[Black "Maghalashvili, Davit"]
[Result "1-0"]
[LiveChessVersion "1.3.1"]
[BlackElo "2515"]
[WhiteElo "2566"]

1. e4 {[%clk 1:29:17]} c5 {[%clk 1:30:34]} 2. Nf3 {[%clk 1:28:12]} d6
{[%clk 1:30:55]} 3. d4 {[%clk 1:28:39]} cxd4 {[%clk 1:31:19]} 4. Qxd4
{[%clk 1:29:06]} Nc6 {[%clk 1:31:44]} 5. Qe3 {[%clk 1:22:49]} Nf6
{[%clk 1:27:21]} 6. c4 {[%clk 1:22:29]} g6 {[%clk 1:25:26]} 7. Be2
{[%clk 1:16:30]} Bg4 {[%clk 1:22:09]} 8. O-O {[%clk 1:16:00]} Bg7
{[%clk 1:21:56]} 9. Rd1 {[%clk 1:16:22]} Nd7 {[%clk 1:20:59]} 10. Nc3
{[%clk 1:14:25]} O-O {[%clk 1:19:01]} 11. b3 {[%clk 1:12:13]} Qb6
{[%clk 1:12:18]} 12. Qd2 {[%clk 1:03:44]} Bxf3 {[%clk 1:03:50]} 13. Bxf3
{[%clk 1:04:10]} Qd4 {[%clk 0:51:21]} 14. Bb2 {[%clk 1:03:07]} Qxd2
{[%clk 0:51:46]} 15. Rxd2 {[%clk 1:03:33]} Nd4 {[%clk 0:51:26]} 16. Bg4
{[%clk 0:59:06]} Ne5 {[%clk 0:35:51]} 17. Rxd4 {[%clk 0:43:26]} Nxg4
{[%clk 0:36:04]} 18. Rd2 {[%clk 0:43:50]} Ne5 {[%clk 0:27:17]} 19. Nd5
{[%clk 0:41:33]} Nc6 {[%clk 0:25:09]} 20. Bxg7 {[%clk 0:41:13]} Kxg7
{[%clk 0:25:35]} 21. f4 {[%clk 0:41:21]} Rac8 {[%clk 0:22:41]} 22. f5
{[%clk 0:38:23]} f6 {[%clk 0:20:29]} 23. Nf4 {[%clk 0:37:28]} Kf7
{[%clk 0:20:11]} 24. Rd3 {[%clk 0:31:57]} g5 {[%clk 0:16:37]} 25. Ne6
{[%clk 0:31:32]} Rh8 {[%clk 0:16:18]} 26. Rc1 {[%clk 0:24:35]} Nd8
{[%clk 0:13:37]} 27. Nd4 {[%clk 0:24:52]} Nc6 {[%clk 0:14:02]} 28. Ne6
{[%clk 0:24:42]} Nd8 {[%clk 0:14:27]} 29. Nxd8+ {[%clk 0:23:40]} Rhxd8
{[%clk 0:14:21]} 30. Kf2 {[%clk 0:23:00]} h5 {[%clk 0:12:10]} 31. Ke3
{[%clk 0:22:17]} Rc7 {[%clk 0:11:39]} 32. Rd5 {[%clk 0:22:10]} Rdc8
{[%clk 0:11:26]} 33. Kd3 {[%clk 0:22:12]} Ke8 {[%clk 0:08:29]} 34. a4
{[%clk 0:21:55]} Rc5 {[%clk 0:06:33]} 35. a5 {[%clk 0:20:01]} R5c7
{[%clk 0:04:18]} 36. Kd4 {[%clk 0:19:10]} Kf7 {[%clk 0:03:06]} 37. Rc3
{[%clk 0:18:45]} h4 {[%clk 0:02:34]} 38. Rc2 {[%clk 0:17:38]} Ke8
{[%clk 0:02:56]} 39. g3 {[%clk 0:17:05]} hxg3 {[%clk 0:01:23]} 40. hxg3
{[%clk 0:47:29]} Kf7 {[%clk 0:31:49]} 41. Rh2 {[%clk 0:47:19]} Kg7
{[%clk 0:31:51]} 42. Kc3 {[%clk 0:45:13]} Rc5 {[%clk 0:27:34]} 43. Kb4
{[%clk 0:40:08]} R5c7 {[%clk 0:27:30]} 44. Rd1 {[%clk 0:40:12]} Rh8
{[%clk 0:26:15]} 45. Rxh8 {[%clk 0:39:15]} Kxh8 {[%clk 0:26:41]} 46. Kc3
{[%clk 0:39:06]} Kg7 {[%clk 0:26:21]} 47. Kd4 {[%clk 0:38:14]} Rc5
{[%clk 0:19:42]} 48. b4 {[%clk 0:37:56]} Rc8 {[%clk 0:17:15]} 49. Kd5
{[%clk 0:34:27]} a6 {[%clk 0:13:19]} 50. Rh1 {[%clk 0:31:41]} Rc7 51. Rh3
{[%clk 0:26:38]} Rc8 {[%clk 0:12:50]} 52. Rh2 {[%clk 0:24:35]} Rc7
{[%clk 0:13:10]} 53. Rh1 {[%clk 0:24:56]} Rc8 {[%clk 0:13:35]} 54. c5 Rc6 55. g4
{[%clk 0:22:17]} Kg8 {[%clk 0:09:21]} 56. Rh2 {[%clk 0:15:24]} Kg7
{[%clk 0:09:43]} 57. Kc4 {[%clk 0:13:58]} Rc7 {[%clk 0:07:55]} 58. Rh1
{[%clk 0:13:52]} Rc6 {[%clk 0:07:22]} 59. Rd1 {[%clk 0:14:09]} Kf7
{[%clk 0:07:30]} 60. Rd2 {[%clk 0:11:03]} Kf8 {[%clk 0:07:50]} 61. e5
{[%clk 0:07:40]} fxe5 {[%clk 0:05:27]} 62. Kd5 {[%clk 0:08:07]} Kf7
{[%clk 0:03:10]} 63. Rh2 {[%clk 0:07:54]} e4 {[%clk 0:01:31]} 64. Rh7+
{[%clk 0:04:03]} Kf8 {[%clk 0:00:38]} 65. Rh3 {[%clk 0:02:33]} Kf7
{[%clk 0:01:00]} 66. Rc3 {[%clk 0:02:00]} Kf6 {[%clk 0:00:46]} 67. Kxe4
{[%clk 0:02:05]} e6 {[%clk 0:00:53]} 68. fxe6 {[%clk 0:02:11]} Kxe6
{[%clk 0:01:05]} 69. Kd4 {[%clk 0:02:27]} dxc5+ {[%clk 0:00:44]} 70. bxc5
{[%clk 0:02:27]} Kd7 {[%clk 0:00:38]} 71. Ke5 {[%clk 0:01:48]} Rg6
{[%clk 0:00:38]} 72. Rb3 {[%clk 0:02:04]} Kc7 {[%clk 0:00:51]} 73. Rb6
{[%clk 0:01:41]} Rc6 {[%clk 0:00:53]} 74. Ke4 1-0

[Event "Aleksandria Cup"]
[Site "?"]
[Date "2015.07.20"]
[Round "9.3"]
[White "Quparadze, Giga"]
[Black "Baghdasaryen, Vahe"]
[Result "0-1"]
[LiveChessVersion "1.3.1"]
[BlackElo "2401"]
[WhiteElo "2484"]

1. e4 {[%clk 1:29:18]} c5 {[%clk 1:22:46]} 2. Nf3 {[%clk 1:29:40]} e6
{[%clk 1:22:43]} 3. d4 {[%clk 1:29:40]} cxd4 {[%clk 1:23:06]} 4. Nxd4
{[%clk 1:30:06]} Nf6 {[%clk 1:23:28]} 5. Nc3 {[%clk 1:30:29]} Nc6
{[%clk 1:23:53]} 6. Be2 {[%clk 1:30:17]} Bb4 {[%clk 1:23:11]} 7. O-O
{[%clk 1:25:55]} Bxc3 {[%clk 1:15:28]} 8. bxc3 {[%clk 1:26:18]} Nxe4
{[%clk 1:15:55]} 9. Bf3 {[%clk 1:15:11]} d5 {[%clk 0:51:36]} 10. Ba3
{[%clk 1:05:26]} Qa5 {[%clk 0:49:44]} 11. Qc1 {[%clk 0:52:20]} Nxd4
{[%clk 0:48:52]} 12. cxd4 {[%clk 0:52:30]} Nd2 {[%clk 0:49:01]} 13. Re1
{[%clk 0:51:02]} Nxf3+ {[%clk 0:47:48]} 14. gxf3 {[%clk 0:47:26]} Bd7
{[%clk 0:42:15]} 15. Re3 {[%clk 0:45:21]} Bc6 {[%clk 0:34:58]} 16. Bd6
{[%clk 0:41:33]} h5 {[%clk 0:30:08]} 17. h3 {[%clk 0:38:18]} Rh6 {[%clk 0:27:26]}
18. Kh2 {[%clk 0:35:57]} Kd7 {[%clk 0:22:04]} 19. Bf4 {[%clk 0:34:19]} g5
{[%clk 0:22:17]} 20. Bxg5 {[%clk 0:33:46]} Rg6 {[%clk 0:22:43]} 21. h4
{[%clk 0:27:23]} Qc7+ {[%clk 0:21:42]} 0-1

[Event "Aleksandria Cup"]
[Site "?"]
[Date "2015.07.20"]
[Round "9.4"]
[White "Benidze, Davit"]
[Black "Kuzubov, Yuriy"]
[Result "1/2-1/2"]
[LiveChessVersion "1.3.1"]
[BlackElo "2653"]
[WhiteElo "2465"]

1. e4 {[%clk 1:19:13]} c5 {[%clk 1:30:23]} 2. c3 {[%clk 1:19:36]} d6
{[%clk 1:20:25]} 3. d4 {[%clk 1:15:22]} Nf6 {[%clk 1:20:49]} 4. Bd3
{[%clk 1:15:51]} Qc7 {[%clk 1:21:02]} 5. Nf3 {[%clk 1:16:11]} Bg4
{[%clk 1:18:05]} 6. Nbd2 {[%clk 1:16:36]} e6 {[%clk 1:11:47]} 7. h3
{[%clk 1:15:28]} Bh5 {[%clk 1:11:52]} 8. Qe2 {[%clk 1:11:54]} Be7
{[%clk 1:08:28]} 9. dxc5 {[%clk 0:54:51]} dxc5 {[%clk 1:03:43]} 10. a4
{[%clk 0:54:52]} Nc6 {[%clk 1:03:52]} 11. Nc4 {[%clk 0:55:12]} Nd7
{[%clk 1:03:02]} 12. g3 {[%clk 0:51:00]} Bxf3 {[%clk 0:37:38]} 13. Qxf3
{[%clk 0:51:27]} Nde5 {[%clk 0:38:01]} 14. Nxe5 {[%clk 0:45:02]} Nxe5
{[%clk 0:38:26]} 15. Bb5+ {[%clk 0:45:30]} Kf8 {[%clk 0:38:51]} 16. Qe2
{[%clk 0:45:52]} a6 {[%clk 0:37:58]} 17. Bc4 {[%clk 0:46:20]} h5 {[%clk 0:30:18]}
18. h4 {[%clk 0:44:21]} Nxc4 {[%clk 0:27:52]} 19. Qxc4 {[%clk 0:44:05]} g6
{[%clk 0:21:44]} 20. O-O {[%clk 0:34:38]} Kg7 {[%clk 0:21:57]} 21. Bf4
{[%clk 0:35:03]} Qc6 {[%clk 0:22:13]} 22. a5 {[%clk 0:35:29]} Rhd8
{[%clk 0:20:25]} 23. Rfd1 {[%clk 0:31:24]} Rxd1+ {[%clk 0:07:24]} 24. Rxd1
{[%clk 0:31:50]} Rd8 {[%clk 0:07:47]} 25. Rxd8 {[%clk 0:30:14]} Bxd8
{[%clk 0:08:14]} 26. Be3 {[%clk 0:29:31]} Be7 {[%clk 0:03:43]} 27. Kf1
{[%clk 0:23:22]} Kf8 {[%clk 0:03:26]} 28. Ke2 {[%clk 0:19:46]} Ke8
{[%clk 0:03:48]} 29. e5 {[%clk 0:20:05]} Kd7 {[%clk 0:01:46]} 30. Qd3+
{[%clk 0:15:56]} Kc8 {[%clk 0:01:26]} 31. c4 {[%clk 0:14:27]} Qc7
{[%clk 0:01:00]} 32. Qc3 {[%clk 0:14:35]} Bf8 {[%clk 0:00:44]} 33. Bd2
{[%clk 0:14:20]} Bg7 {[%clk 0:01:07]} 34. f4 {[%clk 0:13:52]} Qc6
{[%clk 0:00:34]} 35. b3 {[%clk 0:14:02]} Qg2+ {[%clk 0:00:51]} 36. Kd1
{[%clk 0:14:13]} Bf8 {[%clk 0:00:40]} 37. Kc2 {[%clk 0:14:29]} Be7
{[%clk 0:00:42]} 38. Qd3 {[%clk 0:14:55]} Qc6 {[%clk 0:00:40]} 39. Kb2
{[%clk 0:13:26]} Bd8 {[%clk 0:00:47]} 40. Ka3 {[%clk 0:42:01]} Be7
{[%clk 0:31:04]} 41. Kb2 {[%clk 0:40:20]} Qh1 {[%clk 0:28:26]} 42. Bc3
{[%clk 0:39:29]} Qg2+ {[%clk 0:22:37]} 43. Kb1 {[%clk 0:39:15]} Qf2
{[%clk 0:17:04]} 44. Ka1 {[%clk 0:38:58]} Qh2 {[%clk 0:16:47]} 45. Kb1
{[%clk 0:39:01]} Qg2 {[%clk 0:17:12]} 46. Ka1 {[%clk 0:39:23]} Qh3
{[%clk 0:17:28]} 47. Qe3 {[%clk 0:39:24]} Qh1+ {[%clk 0:16:24]} 48. Kb2
{[%clk 0:39:30]} Kd7 {[%clk 0:16:41]} 49. Qd3+ {[%clk 0:39:43]} Ke8
{[%clk 0:17:05]} 50. Kc2 {[%clk 0:39:06]} Qg2+ {[%clk 0:17:23]} 51. Kb1
{[%clk 0:37:43]} Bd8 {[%clk 0:12:57]} 52. Bd2 {[%clk 0:38:06]} Qh1+
{[%clk 0:10:45]} 53. Kb2 {[%clk 0:37:34]} Qd1 {[%clk 0:08:53]} 54. Qe3
{[%clk 0:37:41]} Kd7 {[%clk 0:04:37]} 55. Qd3+ {[%clk 0:37:24]} Kc8
{[%clk 0:04:13]} 56. Qe3 {[%clk 0:36:45]} Be7 {[%clk 0:03:01]} 57. Bc3
{[%clk 0:36:57]} Kd7 {[%clk 0:01:45]} 58. Bd2 {[%clk 0:36:28]} f5
{[%clk 0:00:49]} 59. Bc3 {[%clk 0:36:21]} Kc6 {[%clk 0:00:49]} 60. Bd2
{[%clk 0:36:23]} Bd8 {[%clk 0:00:32]} 61. Bc3 {[%clk 0:36:29]} Be7
{[%clk 0:00:44]} 62. Bd2 {[%clk 0:36:42]} 1/2-1/2

[Event "Aleksandria Cup"]
[Site "?"]
[Date "2015.07.20"]
[Round "9.5"]
[White "Shahinyan, David"]
[Black "Baklan, Vladimir"]
[Result "1-0"]
[LiveChessVersion "1.3.1"]
[BlackElo "2619"]
[WhiteElo "2451"]

1. c4 {[%clk 1:30:15]} Nf6 {[%clk 1:30:45]} 2. Nc3 {[%clk 1:29:38]} g6
{[%clk 1:31:05]} 3. e4 {[%clk 1:29:52]} d6 {[%clk 1:30:01]} 4. g3
{[%clk 1:30:06]} Bg7 {[%clk 1:29:23]} 5. Bg2 {[%clk 1:30:15]} e5 {[%clk 1:28:07]}
6. Nge2 {[%clk 1:30:04]} O-O {[%clk 1:28:11]} 7. O-O {[%clk 1:29:25]} c6
{[%clk 1:28:13]} 8. d4 {[%clk 1:25:43]} Na6 {[%clk 1:25:52]} 9. h3
{[%clk 1:24:06]} Re8 {[%clk 1:20:20]} 10. Be3 {[%clk 1:23:47]} Bd7
{[%clk 1:09:01]} 11. Qc2 {[%clk 1:05:51]} Qc8 {[%clk 0:44:00]} 12. Kh2
{[%clk 1:03:54]} b5 {[%clk 0:42:28]} 13. cxb5 {[%clk 0:53:03]} cxb5
{[%clk 0:42:38]} 14. dxe5 {[%clk 0:49:05]} Rxe5 {[%clk 0:37:06]} 15. Rac1
{[%clk 0:39:24]} b4 {[%clk 0:27:35]} 16. Nd5 {[%clk 0:37:09]} Nxd5
{[%clk 0:27:17]} 17. Qxc8+ {[%clk 0:36:14]} Rxc8 {[%clk 0:20:44]} 18. Rxc8+
{[%clk 0:34:46]} Bxc8 {[%clk 0:21:10]} 19. exd5 {[%clk 0:35:08]} Bb7
{[%clk 0:16:44]} 20. Rc1 {[%clk 0:28:28]} h5 {[%clk 0:13:36]} 21. Nf4
{[%clk 0:26:19]} Re8 {[%clk 0:10:21]} 22. Nd3 {[%clk 0:25:38]} Rc8
{[%clk 0:10:31]} 23. Rxc8+ {[%clk 0:15:37]} Bxc8 {[%clk 0:10:58]} 24. Bxa7
{[%clk 0:15:31]} Bf5 {[%clk 0:11:07]} 25. Bf1 {[%clk 0:15:39]} Be4
{[%clk 0:10:35]} 26. b3 {[%clk 0:14:39]} Bxd5 {[%clk 0:09:56]} 27. Nf4
{[%clk 0:14:15]} Bb7 {[%clk 0:10:18]} 28. Bxa6 {[%clk 0:13:41]} Bxa6
{[%clk 0:10:38]} 29. Bb8 {[%clk 0:14:07]} Bd4 {[%clk 0:03:03]} 30. Bxd6
{[%clk 0:13:06]} Bxf2 {[%clk 0:03:26]} 31. Nd5 {[%clk 0:12:51]} Bd3
{[%clk 0:02:22]} 32. Nxb4 {[%clk 0:09:29]} Bb1 {[%clk 0:02:15]} 33. a3
{[%clk 0:08:27]} Be1 {[%clk 0:02:08]} 34. Na6 {[%clk 0:08:11]} f5
{[%clk 0:01:25]} 35. b4 {[%clk 0:07:49]} Bd3 {[%clk 0:00:54]} 36. Nc7
{[%clk 0:07:26]} g5 {[%clk 0:00:44]} 37. Kg2 {[%clk 0:05:01]} Kf7
{[%clk 0:00:47]} 38. a4 {[%clk 0:05:15]} Be2 {[%clk 0:00:38]} 39. a5
{[%clk 0:03:20]} f4 {[%clk 0:01:04]} 40. gxf4 {[%clk 0:33:46]} gxf4
{[%clk 0:31:31]} 41. Bxf4 {[%clk 0:32:19]} Bxb4 {[%clk 0:30:48]} 42. Kf2
{[%clk 0:28:29]} Bc4 {[%clk 0:17:21]} 43. a6 {[%clk 0:28:37]} Ba5
{[%clk 0:17:47]} 44. a7 {[%clk 0:28:00]} Bb6+ {[%clk 0:18:10]} 45. Be3
{[%clk 0:28:24]} Bxa7 {[%clk 0:18:36]} 46. Bxa7 {[%clk 0:28:50]} h4
{[%clk 0:18:37]} 47. Kf3 {[%clk 0:27:31]} Ke7 {[%clk 0:18:56]} 48. Be3
{[%clk 0:27:43]} Kd7 {[%clk 0:18:42]} 49. Bf4 {[%clk 0:28:06]} Bf1
{[%clk 0:19:00]} 50. Kg4 {[%clk 0:28:33]} Kc6 {[%clk 0:19:24]} 51. Kxh4
{[%clk 0:28:55]} Bxh3 {[%clk 0:19:49]} 52. Kxh3 {[%clk 0:29:20]} Kc5
{[%clk 0:20:18]} 53. Kg4 {[%clk 0:29:38]} Kc4 {[%clk 0:20:36]} 54. Be3
{[%clk 0:29:19]} Kd3 {[%clk 0:20:26]} 55. Kf3 {[%clk 0:29:45]} Kc3
{[%clk 0:20:51]} 56. Ke4 {[%clk 0:29:36]} Kc2 {[%clk 0:21:15]} 57. Nd5
{[%clk 0:26:59]} Kd1 {[%clk 0:21:40]} 58. Kf3 {[%clk 0:25:11]} Ke1
{[%clk 0:21:56]} 59. Nc3 {[%clk 0:25:26]} Kf1 {[%clk 0:22:20]} 60. Ne4
{[%clk 0:25:49]} Ke1 {[%clk 0:22:41]} 61. Bf2+ {[%clk 0:25:52]} Kd1
{[%clk 0:23:05]} 62. Ke3 {[%clk 0:26:09]} Kc2 {[%clk 0:23:30]} 63. Be1
{[%clk 0:26:02]} Kb3 {[%clk 0:23:54]} 64. Kd3 {[%clk 0:26:16]} Kb2
{[%clk 0:23:41]} 65. Bc3+ {[%clk 0:26:33]} Kc1 {[%clk 0:24:00]} 66. Bd2+
{[%clk 0:25:57]} Kb2 {[%clk 0:24:25]} 67. Nc5 {[%clk 0:26:23]} Ka3
{[%clk 0:24:48]} 68. Kc2 {[%clk 0:26:40]} Ka2 {[%clk 0:25:15]} 69. Bc1
{[%clk 0:27:00]} Ka1 {[%clk 0:25:36]} 70. Na6 {[%clk 0:27:19]} 1-0

[Event "Aleksandria Cup"]
[Site "?"]
[Date "2015.07.20"]
[Round "9.6"]
[White "Hayrapetyan, Hovik"]
[Black "Bortnyk, Olexander"]
[Result "1/2-1/2"]
[LiveChessVersion "1.3.1"]
[BlackElo "2550"]
[WhiteElo "2444"]

1. d4 {[%clk 1:29:30]} d5 {[%clk 1:30:53]} 2. c4 {[%clk 1:29:40]} e6
{[%clk 1:30:44]} 3. Nc3 {[%clk 1:29:27]} Nf6 {[%clk 1:30:51]} 4. Nf3
{[%clk 1:27:57]} g6 {[%clk 1:29:44]} 5. Bg5 {[%clk 1:24:41]} Bg7 {[%clk 1:29:50]}
6. e3 {[%clk 1:12:07]} O-O {[%clk 1:30:01]} 7. Be2 {[%clk 1:11:36]} Nc6
{[%clk 1:30:24]} 8. O-O {[%clk 1:09:55]} Ne7 {[%clk 1:28:40]} 9. h3
{[%clk 1:04:21]} a5 {[%clk 1:23:05]} 10. Qc2 {[%clk 1:03:58]} b6 {[%clk 1:19:22]}
11. Rfd1 {[%clk 0:57:52]} Bb7 {[%clk 1:18:00]} 12. b3 {[%clk 0:57:54]} Rc8
{[%clk 1:14:08]} 13. Rac1 {[%clk 0:56:44]} c5 {[%clk 1:03:04]} 14. dxc5
{[%clk 0:55:52]} bxc5 {[%clk 1:01:52]} 15. cxd5 {[%clk 0:40:12]} exd5
{[%clk 0:57:02]} 16. Bc4 {[%clk 0:38:04]} d4 {[%clk 0:55:44]} 17. Qe2
{[%clk 0:38:20]} Nf5 {[%clk 0:44:07]} 18. exd4 {[%clk 0:29:37]} cxd4
{[%clk 0:41:31]} 19. Nxd4 {[%clk 0:22:13]} Nxd4 {[%clk 0:39:39]} 20. Qe3
{[%clk 0:22:39]} Qb6 {[%clk 0:11:09]} 21. Qxd4 {[%clk 0:22:16]} Rc5
{[%clk 0:06:38]} 22. Bxf6 {[%clk 0:14:33]} Bxf6 {[%clk 0:06:30]} 23. Qd6
{[%clk 0:14:28]} Qxd6 {[%clk 0:06:07]} 24. Rxd6 {[%clk 0:14:52]} Kg7
{[%clk 0:05:06]} 25. Rd3 {[%clk 0:13:55]} Rg5 {[%clk 0:04:15]} 26. f3
{[%clk 0:12:39]} Re5 {[%clk 0:02:32]} 27. Rd7 {[%clk 0:10:04]} Bc8
{[%clk 0:01:58]} 28. Rd5 {[%clk 0:09:26]} Rfe8 {[%clk 0:01:34]} 29. Ne4
{[%clk 0:08:39]} Bh4 {[%clk 0:00:31]} 30. Rxe5 {[%clk 0:04:35]} Rxe5
{[%clk 0:01:00]} 31. Bxf7 {[%clk 0:04:29]} Bf5 {[%clk 0:00:56]} 32. Rc7
{[%clk 0:01:44]} Bxe4 {[%clk 0:01:00]} 33. Bd5+ {[%clk 0:01:45]} Re7
{[%clk 0:01:27]} 34. Rxe7+ {[%clk 0:02:12]} Bxe7 {[%clk 0:01:53]} 35. Bxe4
{[%clk 0:02:02]} h5 {[%clk 0:01:53]} 36. Kf2 {[%clk 0:01:55]} g5 {[%clk 0:01:41]}
37. Ke3 {[%clk 0:01:58]} h4 {[%clk 0:01:51]} 38. f4 {[%clk 0:00:36]} gxf4+
{[%clk 0:02:17]} 39. Kxf4 {[%clk 0:01:03]} Bd6+ {[%clk 0:02:41]} 40. Ke3
{[%clk 0:30:43]} Kf6 {[%clk 0:32:43]} 41. Kd4 {[%clk 0:30:38]} Ke6
{[%clk 0:28:57]} 42. Kc4 {[%clk 0:28:52]} Bb4 {[%clk 0:29:11]} 43. Bf3
{[%clk 0:26:58]} Ke5 {[%clk 0:29:09]} 44. Kb5 {[%clk 0:27:08]} Kd4
{[%clk 0:28:14]} 45. a3 {[%clk 0:23:48]} Bxa3 {[%clk 0:28:40]} 46. Kxa5
{[%clk 0:24:15]} Kc5 {[%clk 0:29:04]} 47. Ka4 {[%clk 0:23:59]} Bb4
{[%clk 0:29:27]} 48. g4 {[%clk 0:24:20]} hxg3 {[%clk 0:29:51]} 49. h4
{[%clk 0:24:47]} Bd2 {[%clk 0:29:58]} 50. h5 {[%clk 0:25:11]} Kd6
{[%clk 0:30:25]} 51. b4 {[%clk 0:25:24]} Ke6 {[%clk 0:30:48]} 52. b5
{[%clk 0:25:43]} Be3 {[%clk 0:31:13]} 53. Ka5 {[%clk 0:25:39]} Kf6
{[%clk 0:31:37]} 1/2-1/2